Geografía descriptiva de la República de Chile
Kaydedildi:
| Asıl Yazarlar: | , |
|---|---|
| Materyal Türü: | Kitap |
| Dil: | İspanyolca |
| Baskı/Yayın Bilgisi: |
Santiago
Camara Chilena de la Construcción
2013
Santiago Pontificia Universida Católica de Chile 2013 |
| Edisyon: | 1a. ed |
| Seri Bilgileri: | Biblioteca Fundamentos de la Construcción de Chile, 61
|
| Konular: | |
| Etiketler: |
Etiketle
Etiket eklenmemiş, İlk siz ekleyin!
|
MARC
| LEADER | 00000cam a2200000 a 4500 | ||
|---|---|---|---|
| 001 | UCE3593 | ||
| 003 | CL-VaPUC | ||
| 008 | 140911e20130000cl |||||||||||||||||spa|d | ||
| 020 | |a 9789568306083o.c | ||
| 020 | |a 9789569351068t.61 | ||
| 082 | 0 | 4 | |a 910.83 |b ESP |2 21 |
| 100 | 0 | |a Espinoza, Enrique |e author |9 563589 | |
| 700 | 0 | |a Salgredo Baeza, Rafael |e author |9 576053 | |
| 245 | 1 | 0 | |a Geografía descriptiva de la República de Chile |
| 250 | |a 1a. ed | ||
| 300 | |a 908 p | ||
| 942 | |c BK | ||
| 945 | |d 20140911 14:25:00 |a arojas | ||
| 260 | |a Santiago |b Camara Chilena de la Construcción |c 2013 | ||
| 260 | |a Santiago |b Pontificia Universida Católica de Chile |c 2013 | ||
| 650 | 7 | |a GEOGRAFIA DESCRIPTIVA |2 CL-VaPUC |9 506681 | |
| 650 | 0 | |a Geografía de Chile |9 268295 | |
| 583 | |a last modification |c 20140911 14:25:00 |k Rodrigo Vera | ||
| 490 | 0 | |a Biblioteca Fundamentos de la Construcción de Chile, 61 | |
| 999 | |c 356805 |d 356803 | ||
| 952 | |0 0 |1 0 |3 erb |4 0 |6 910_830000000000000_ESP_2013_2013 |7 0 |8 A |9 464539 |a BIBING |b BIBING |i 5113059 |o 910.83 ESP 2013 2013 |p 5113059 |r 2025-01-20 |w 2019-11-23 |y BK |z Catalogado en:20140911 |k GEO | ||
| 952 | |0 0 |1 0 |3 erb |4 0 |6 910_830000000000000_ESP_2013_2013 |7 0 |8 A |9 464540 |a BIBHIS |b BIBHIS |i 5408636 |o 910.83 ESP 2013 2013 |p 5408636 |r 2025-01-20 |w 2019-11-23 |y BK |z Catalogado en:20170713 |k HIS | ||